[Event "Dvorkovich Memorial Rapid 2018"]
[Site "Taganrog"]
[Date "2018.01.14"]
[Round "9"]
[White "Balashov, Yuri S"]
[Black "Gunchenko, Vadim"]
[Result "1-0"]
[WhiteElo "2434"]
[BlackElo "2338"]
[Annotator "TA"]
[PlyCount "89"]
[EventDate "2018.??.??"]
[EventType "swiss"]
[EventCountry "RUS"]
[SourceTitle "playchess.com"]
[Source "ChessBase"]
[SourceQuality "1"]

{[%evp 27,89,42,41,0,2,0,8,-16,-20,-18,4,-21,-16,-16,-12,-41,-33,-31,-6,-27,0,-81,-33,-37,-40,-33,-27,-85,0,-7,0,-13,-11,-6,0,-34,-4,-2,-4,0,22,24,26,11,11,9,12,12,77,9,161,175,159,150,29987,371,384,375,336,357,1060,1076,1052,1040]} 1. d4 Nf6 2. c4 e6 3. Nc3 d5 4. cxd5 exd5 5. Bg5 Be7 6. e3 c6 7. Bd3 Nbd7 8. Qc2 O-O 9. Nf3 Re8 10. O-O Nf8 11. Rab1 a5 12. h3 Be6 13. a3 {D36: Queen's Gambit Declined: Exchange Variation: Main line (5 Bg5 c6 6 Qc2)} N6d7 {[%cal Bf6d7,Bd7b6,Bb6c4][%mdl 32]} 14. Bf4 Rc8 {LiveBook: 3 Games} 15. b4 {White is slightly better.} axb4 16. axb4 {[#]} b5 $146 17. e4 dxe4 18. Nxe4 Nb6 19. Nc5 Bc4 20. Bxc4 Nxc4 21. Rbd1 Ng6 22. Bg3 Qd5 23. Ne5 Nb6 24. f4 (24. Rfe1 $11) 24... Nf8 25. f5 f6 26. Ng4 Nc4 {Threatens to win with ...h5.} 27. Qf2 (27. Rf3 $11 {remains equal.}) 27... Bd6 (27... h5 $17 28. Nh2 Rcd8) 28. Bxd6 $11 Qxd6 29. Rfe1 {Strongly threatening Ne4.} Qd5 30. Qf4 Ra8 31. Re4 Rxe4 (31... h5 $5 {[%cal Rh5g4]} 32. Ne3 Rxe4 33. Nxd5 (33. Nxe4 Nxe3 34. Qxe3 Qxf5 $15) 33... Rxf4 34. Nxf4 Ne3 $11) 32. Nxe4 Nd7 33. Nc3 $36 {[%mdl 2048] White fights for an advantage.} Qf7 (33... Qd6 {with more complications.} 34. Qe4 Ndb6 35. d5 cxd5 36. Nxd5 Kf8) 34. d5 cxd5 $1 35. Nxd5 h5 36. Nf2 Nde5 37. Ne4 Re8 (37... Nb2 $11 38. Rd4 Nbc4) 38. Nc5 ({White should play} 38. Kh2 $16) 38... Qa7 $2 {[#]} (38... Nb2 $1 $11 39. Rd4 Nc6) 39. Qg3 $1 $18 Kh7 40. Kh2 {Hoping for Nxf6+!} Qa2 $2 (40... Qf7 $16) 41. Ne6 $2 (41. Nxf6+ {mates} Kh8 42. Nxe8 Ng4+ 43. hxg4 Qb2 44. gxh5 Qe5 45. Rd7 Qxg3+ 46. Kxg3) 41... Qa7 42. Qh4 Qf7 43. Ndf4 Kh6 $2 {[#]} (43... Kg8 44. Nxh5 Rxe6) 44. Nd8 (44. Nxh5 $2 g5 $17) 44... Rxd8 45. Rxd8 {Precision: White = 47%, Black = 35%.} 1-0

[Event "Dvorkovich Memorial Rapid 2018"]
[Site "Taganrog"]
[Date "2018.01.14"]
[Round "9"]
[White "Savitskiy, Sergey"]
[Black "Maltsevskaya, Aleksandra"]
[Result "1-0"]
[WhiteElo "2415"]
[BlackElo "2274"]
[Annotator "TA"]
[PlyCount "53"]
[EventDate "2018.??.??"]
[EventType "swiss"]
[EventCountry "RUS"]
[SourceTitle "playchess.com"]
[Source "ChessBase"]
[SourceQuality "1"]

{[%evp 21,53,0,20,0,0,0,0,0,0,0,0,0,0,-4,202,-9,191,53,86,100,517,554,560,554,529,531,906,906,1653,1552,29991,29990,29990,29991]} 1. e4 c6 2. d4 d5 3. Nc3 dxe4 4. Nxe4 Bf5 5. Ng3 Bg6 6. Bc4 e6 7. N1e2 Nf6 8. O-O Nbd7 9. f4 {B18: Caro-Kann (Hauptvariante)} Nb6 10. Bd3 Bxd3 11. Qxd3 g6 {LiveBook: 10 Partien} 12. f5 gxf5 {[#]} 13. Nxf5 $1 {[%mdl 512]} exf5 14. Qxf5 Be7 15. Bg5 {[%cal Rg5f6]} Nfd5 $146 ({Vorgänger:} 15... Nbd5 16. Rae1 h6 {1-0 (36) Savitskiy,S (2412)-Maltsevskaya,A (2260) Khanty-Mansiysk 2017}) 16. Qxf7+ Kd7 17. Qf5+ Ke8 $2 (17... Kc7 $11 {und Schwarz steht sicher.} 18. Nf4 Qd6 19. Ne6+ Kb8) 18. Bxe7 $2 ({Günstiger ist} 18. Ng3 $18 {Und weiter mit Tae1 wäre nett.} Qd7 19. Bxe7 Qxf5 20. Nxf5 Nxe7 21. Rae1) 18... Nxe7 $2 {[#]} (18... Qxe7 $11 19. Ng3 Qg7) 19. Qh5+ (19. Qe5 $1 $18 {[%cal Re5h8]} Rg8 20. Nf4) 19... Kd7 $14 20. Nf4 $36 {[%cal Be2f4,Bf4e6,Be6f8][%mdl 3104] Dg4+ ist eine echte Drohung. Weiss hat starke Kompensation. Weiss hat starke Initiative.} Nbd5 $2 {[%mdl 8192]} (20... Kc8 $16 {ist zäher.}) 21. Qh3+ $18 Ke8 22. Ne6 {[%cal Re6g7]} Qd6 23. Rae1 Rg8 24. c4 {[%cal Bc2c4,Bc4c5][%mdl 32]} Nb4 25. c5 Qd7 26. Qh5+ Ng6 27. Nf8+ {Precision: Weiß = 54%, Schwarz = 16%.} 1-0

[Event "Dvorkovich Memorial Rapid 2018"]
[Site "Taganrog"]
[Date "2018.01.14"]
[Round "9"]
[White "Anikonov, Dmitry"]
[Black "Semenova, Elena"]
[Result "1/2-1/2"]
[WhiteElo "2407"]
[BlackElo "2238"]
[Annotator "ChessBase"]
[PlyCount "161"]
[EventDate "2018.??.??"]
[EventType "swiss"]
[EventCountry "RUS"]
[SourceTitle "playchess.com"]
[Source "ChessBase"]
[SourceQuality "1"]
[TimeControl "900+10"]

1. d4 {[%emt 0:00:00]} Nf6 {[%emt 0:00:01]} 2. c4 {[%emt 0:00:00]} e6 {[%emt 0:00:04]} 3. Nf3 {[%emt 0:00:07]} b6 {[%emt 0:00:00]} 4. a3 {[%emt 0:00:00]} Bb7 {[%emt 0:00:32]} 5. Nc3 {[%emt 0:00:00]} Be7 {[%emt 0:00:00]} 6. d5 {[%emt 0:00:00]} exd5 {[%emt 0:00:27]} 7. cxd5 {[%emt 0:00:00]} O-O {[%emt 0:00:02]} 8. g3 {[%emt 0:00:24]} Re8 {[%emt 0:00:28]} 9. Bg2 {[%emt 0:00:05]} c6 {[%emt 0:00:18]} 10. Nd4 {[%emt 0:01:29]} Nxd5 {[%emt 0:00:50]} 11. Nxd5 {[%emt 0:00:07]} cxd5 {[%emt 0:00:02]} 12. O-O {[%emt 0:00:02]} Na6 {[%emt 0:00:13]} 13. Nf5 {[%emt 0:01:24]} Nc5 {[%emt 0:01:04]} 14. b4 {[%emt 0:02:57]} Ne4 {[%emt 0:00:34]} 15. Nxe7+ {[%emt 0:00:12]} Qxe7 {[%emt 0:00:05]} 16. Bb2 {[%emt 0:00:06]} Rac8 {[%emt 0:00:29]} 17. e3 {[%emt 0:01:01]} Rc4 {[%emt 0:00:37]} 18. Rc1 {[%emt 0:02:21]} Rec8 {[%emt 0:00:22]} 19. Qe2 {[%emt 0:01:46]} a5 {[%emt 0:01:34]} 20. bxa5 {[%emt 0:00:31]} bxa5 {[%emt 0:00:04]} 21. Rfd1 {[%emt 0:00:51]} d6 {[%emt 0:01:54]} 22. Bh3 {[%emt 0:01:23]} Rxc1 {[%emt 0:00:40]} 23. Rxc1 {[%emt 0:00:11]} Rxc1+ {[%emt 0:00:34]} 24. Bxc1 {[%emt 0:00:00]} Nc3 {[%emt 0:00:28]} 25. Qd3 {[%emt 0:01:14]} Qe4 {[%emt 0:01:56]} 26. Qxe4 {[%emt 0:01:14]} dxe4 {[%emt 0:00:02]} 27. Bd2 {[%emt 0:00:31]} Nb1 {[%emt 0:00:36]} 28. Bc1 {[%emt 0:00:15]} Ba6 {[%emt 0:01:02]} 29. Bd7 {[%emt 0:00:31]} Kf8 {[%emt 0:00:19]} 30. Bc6 {[%emt 0:00:07]} Bd3 {[%emt 0:00:08]} 31. Bb2 {[%emt 0:00:12]} Ke7 {[%emt 0:01:51]} 32. a4 {[%emt 0:00:01]} f6 {[%emt 0:00:11]} 33. Bd4 {[%emt 0:00:29]} Nd2 {[%emt 0:00:59]} 34. Bc3 {[%emt 0:00:06]} Nb3 {[%emt 0:01:02]} 35. Bd5 {[%emt 0:00:20]} Nc5 {[%emt 0:00:15]} 36. Bxa5 {[%emt 0:00:17]} Nxa4 {[%emt 0:00:14]} 37. f3 {[%emt 0:00:07]} exf3 {[%emt 0:00:18]} 38. Bxf3 {[%emt 0:00:02]} Ke6 {[%emt 0:00:03]} 39. Kf2 {[%emt 0:00:16]} Nc5 {[%emt 0:00:02]} 40. Bc3 {[%emt 0:00:15]} Be4 {[%emt 0:00:00]} 41. Bg4+ {[%emt 0:00:12]} f5 {[%emt 0:00:08]} 42. Be2 {[%emt 0:00:08]} g6 {[%emt 0:00:14]} 43. Bd4 {[%emt 0:00:13]} Bd5 {[%emt 0:00:02]} 44. Bb5 {[%emt 0:00:23]} Ne4+ {[%emt 0:00:18]} 45. Ke2 {[%emt 0:00:04]} Nf6 {[%emt 0:00:05]} 46. Bd3 {[%emt 0:00:24]} Ng4 {[%emt 0:00:14]} 47. h3 {[%emt 0:00:04]} Ne5 {[%emt 0:00:08]} 48. Ba6 {[%emt 0:00:23]} Bc6 {[%emt 0:00:41]} 49. Bxe5 {[%emt 0:00:10]} Kxe5 {[%emt 0:00:23]} 50. h4 {[%emt 0:00:03]} Bd5 {[%emt 0:00:19]} 51. Kf2 {[%emt 0:00:06]} Bb3 {[%emt 0:00:04]} 52. Bd3 {[%emt 0:00:03]} d5 {[%emt 0:00:03]} 53. Bb1 {[%emt 0:00:04]} Bc4 {[%emt 0:00:01]} 54. Bc2 {[%emt 0:00:03]} Bb5 {[%emt 0:00:26]} 55. Bb1 {[%emt 0:00:01]} Ba4 {[%emt 0:00:04]} 56. Bd3 {[%emt 0:00:02]} Bd1 {[%emt 0:00:18]} 57. Bb5 {[%emt 0:00:08]} Ke4 {[%emt 0:00:23]} 58. Be8 {[%emt 0:00:06]} Bh5 {[%emt 0:00:08]} 59. Bf7 {[%emt 0:00:08]} Bg4 {[%emt 0:00:11]} 60. Bg8 {[%emt 0:00:05]} h6 {[%emt 0:00:06]} 61. Bf7 {[%emt 0:00:03]} g5 {[%emt 0:00:01]} 62. hxg5 {[%emt 0:00:03]} hxg5 {[%emt 0:00:00]} 63. Be8 {[%emt 0:00:20]} Bd1 {[%emt 0:00:19]} 64. Bc6 {[%emt 0:00:09]} Ke5 {[%emt 0:00:01]} 65. Bd7 {[%emt 0:00:04]} Bc2 {[%emt 0:00:02]} 66. Bc6 {[%emt 0:00:05]} Be4 {[%emt 0:00:02]} 67. Be8 {[%emt 0:00:00]} Kd6 {[%emt 0:00:14]} 68. Bb5 {[%emt 0:00:11]} Kc5 {[%emt 0:00:02]} 69. Ba6 {[%emt 0:00:25]} Kb4 {[%emt 0:00:02]} 70. Ke2 {[%emt 0:00:09]} Kc3 {[%emt 0:00:05]} 71. Bb5 {[%emt 0:00:18]} Bc2 {[%emt 0:00:17]} 72. Ba6 {[%emt 0:00:16]} Bb3 {[%emt 0:00:20]} 73. Bc8 {[%emt 0:00:02]} Bc4+ {[%emt 0:00:27]} 74. Kf2 {[%emt 0:00:02]} Bd3 {[%emt 0:00:07]} 75. Ke1 {[%emt 0:00:01]} Be4 {[%emt 0:00:12]} 76. Ke2 {[%emt 0:00:03]} Kc2 {[%emt 0:00:24]} 77. Be6 {[%emt 0:00:08]} Kc3 {[%emt 0:00:12]} 78. Bc8 {[%emt 0:00:08]} Bd3+ {[%emt 0:00:11]} 79. Ke1 {[%emt 0:00:03]} Be4 {[%emt 0:00:01]} 80. Ke2 {[%emt 0:00:02]} Bd3+ {[%emt 0:00:03]} 81. Ke1 {[%emt 0:00:01]} 1/2-1/2

[Event "Dvorkovich Memorial Rapid 2018"]
[Site "Taganrog"]
[Date "2018.01.14"]
[Round "9"]
[White "Demkovich, Anatoliy"]
[Black "Kotenko, Pavel"]
[Result "1-0"]
[WhiteElo "2407"]
[BlackElo "2403"]
[Annotator "ChessBase"]
[PlyCount "78"]
[EventDate "2018.??.??"]
[EventType "swiss"]
[EventCountry "RUS"]
[SourceTitle "playchess.com"]
[Source "ChessBase"]
[SourceQuality "1"]
[TimeControl "900+10"]

1. e4 {[%emt 0:00:00]} e5 {[%emt 0:00:03]} 2. Nf3 {[%emt 0:00:00]} Nc6 {[%emt 0:00:02]} 3. Nc3 {[%emt 0:00:00]} Nf6 {[%emt 0:00:02]} 4. g3 {[%emt 0:00:00]} Bc5 {[%emt 0:00:34]} 5. Bg2 {[%emt 0:00:00]} d6 {[%emt 0:00:25]} 6. d3 {[%emt 0:00:00]} a6 {[%emt 0:00:20]} 7. Be3 {[%emt 0:00:00]} O-O {[%emt 0:01:37]} 8. O-O {[%emt 0:00:59]} Be6 {[%emt 0:01:30]} 9. d4 {[%emt 0:00:24]} exd4 {[%emt 0:00:25]} 10. Nxd4 {[%emt 0:00:02]} Nxd4 {[%emt 0:00:36]} 11. Bxd4 {[%emt 0:00:00]} Bxd4 {[%emt 0:00:39]} 12. Qxd4 {[%emt 0:00:00]} Nd7 {[%emt 0:00:33]} 13. Rad1 {[%emt 0:00:19]} Qf6 {[%emt 0:00:19]} 14. f4 {[%emt 0:02:28]} Qxd4+ {[%emt 0:01:38]} 15. Rxd4 {[%emt 0:00:00]} f6 {[%emt 0:00:35]} 16. Nd5 {[%emt 0:00:00]} Bxd5 {[%emt 0:00:21]} 17. exd5 {[%emt 0:00:00]} a5 {[%emt 0:01:00]} 18. a3 {[%emt 0:00:43]} Rfe8 {[%emt 0:00:24]} 19. Kf2 {[%emt 0:00:02]} g6 {[%emt 0:00:34]} 20. Re1 {[%emt 0:00:00]} Rxe1 {[%emt 0:00:17]} 21. Kxe1 {[%emt 0:00:04]} Kf7 {[%emt 0:00:22]} 22. Rc4 {[%emt 0:00:31]} Rc8 {[%emt 0:00:13]} 23. Kd2 {[%emt 0:00:35]} f5 {[%emt 0:00:15]} 24. Bf3 {[%emt 0:00:02]} Nf6 {[%emt 0:00:17]} 25. Kd3 {[%emt 0:01:16]} Ke7 {[%emt 0:00:00]} 26. Kd4 {[%emt 0:01:05]} Kd7 {[%emt 0:00:10]} 27. Ra4 {[%emt 0:01:03]} b6 {[%emt 0:00:14]} 28. Be2 {[%emt 0:00:14]} h5 {[%emt 0:01:02]} 29. b4 {[%emt 0:00:15]} axb4 {[%emt 0:00:15]} 30. axb4 {[%emt 0:00:00]} h4 {[%emt 0:00:36]} 31. Ba6 {[%emt 0:02:27]} Rh8 {[%emt 0:02:10]} 32. Bb5+ {[%emt 0:00:05]} Ke7 {[%emt 0:00:04]} 33. Ra7 {[%emt 0:00:38]} hxg3 {[%emt 0:00:00]} 34. hxg3 {[%emt 0:00:01]} Rh3 {[%emt 0:01:13]} 35. Rxc7+ {[%emt 0:00:02]} Kf8 {[%emt 0:00:49]} 36. Rc6 {[%emt 0:00:30]} Ne4 {[%emt 0:00:22]} 37. Bd3 {[%emt 0:00:24]} Rxg3 {[%emt 0:00:15]} 38. Bxe4 {[%emt 0:00:05]} fxe4 {[%emt 0:00:10]} 39. Kxe4 {[%emt 0:00:01]} Kg7 {[%emt 0:00:07]} 1-0

[Event "Dvorkovich Memorial Rapid 2018"]
[Site "Taganrog"]
[Date "2018.01.14"]
[Round "9"]
[White "Tunik, Gennady"]
[Black "Sipetin, Vladislav"]
[Result "1-0"]
[WhiteElo "2378"]
[BlackElo "2263"]
[Annotator "ChessBase"]
[PlyCount "113"]
[EventDate "2018.??.??"]
[EventType "swiss"]
[EventCountry "RUS"]
[SourceTitle "playchess.com"]
[Source "ChessBase"]
[SourceQuality "1"]
[TimeControl "900+10"]

1. d4 {[%emt 0:00:00]} Nf6 {[%emt 0:00:02]} 2. c4 {[%emt 0:00:00]} e6 {[%emt 0:00:00]} 3. Nf3 {[%emt 0:00:00]} b6 {[%emt 0:00:00]} 4. g3 {[%emt 0:00:00]} Bb7 {[%emt 0:00:00]} 5. Bg2 {[%emt 0:00:00]} Be7 {[%emt 0:00:12]} 6. O-O {[%emt 0:00:00]} O-O {[%emt 0:00:00]} 7. Nc3 {[%emt 0:00:00]} Ne4 {[%emt 0:00:40]} 8. Bd2 {[%emt 0:00:00]} Nxc3 {[%emt 0:00:52]} 9. Bxc3 {[%emt 0:00:09]} d5 {[%emt 0:00:10]} 10. cxd5 {[%emt 0:00:07]} exd5 {[%emt 0:00:33]} 11. b4 {[%emt 0:00:00]} c6 {[%emt 0:03:53]} 12. Ne5 {[%emt 0:00:26]} Nd7 {[%emt 0:00:04]} 13. Nd3 {[%emt 0:00:03]} Nf6 {[%emt 0:01:13]} 14. a4 {[%emt 0:01:26]} Ne4 {[%emt 0:00:16]} 15. Qb3 {[%emt 0:00:36]} Qd6 {[%emt 0:01:52]} 16. Rfc1 {[%emt 0:00:58]} Rac8 {[%emt 0:00:44]} 17. Be1 {[%emt 0:00:08]} Qf6 {[%emt 0:00:47]} 18. e3 {[%emt 0:00:13]} Bd6 {[%emt 0:00:12]} 19. a5 {[%emt 0:01:35]} Rfe8 {[%emt 0:00:38]} 20. axb6 {[%emt 0:00:06]} axb6 {[%emt 0:00:03]} 21. Ra7 {[%emt 0:00:12]} Rb8 {[%emt 0:00:32]} 22. b5 {[%emt 0:00:22]} c5 {[%emt 0:01:05]} 23. dxc5 {[%emt 0:00:45]} Nxc5 {[%emt 0:01:06]} 24. Nxc5 {[%emt 0:00:08]} Bxc5 {[%emt 0:00:12]} 25. Bb4 {[%emt 0:01:32]} Qd6 {[%emt 0:01:08]} 26. Rb1 {[%emt 0:00:48]} h6 {[%emt 0:00:45]} 27. Bf3 {[%emt 0:00:46]} Red8 {[%emt 0:00:31]} 28. Kg2 {[%emt 0:00:12]} Ba8 {[%emt 0:00:26]} 29. Bc3 {[%emt 0:00:18]} Rb7 {[%emt 0:00:30]} 30. Rba1 {[%emt 0:00:43]} Rxa7 {[%emt 0:00:04]} 31. Rxa7 {[%emt 0:00:00]} Qb8 {[%emt 0:00:18]} 32. Ra4 {[%emt 0:00:12]} Bb7 {[%emt 0:00:30]} 33. Bd4 {[%emt 0:00:26]} Qd6 {[%emt 0:00:16]} 34. Qd3 {[%emt 0:00:09]} Ra8 {[%emt 0:00:01]} 35. Rxa8+ {[%emt 0:00:14]} Bxa8 {[%emt 0:00:01]} 36. Bd1 {[%emt 0:00:39]} Bb7 {[%emt 0:00:12]} 37. Bc2 {[%emt 0:00:00]} Bxd4 {[%emt 0:00:24]} 38. Qh7+ {[%emt 0:00:33]} Kf8 {[%emt 0:00:02]} 39. exd4 {[%emt 0:00:01]} Qc7 {[%emt 0:01:05]} 40. Bd1 {[%emt 0:00:05]} Qc4 {[%emt 0:00:15]} 41. Qh8+ {[%emt 0:00:35]} Ke7 {[%emt 0:00:02]} 42. Qb8 {[%emt 0:00:17]} Qc8 {[%emt 0:00:02]} 43. Qe5+ {[%emt 0:00:04]} Kf8 {[%emt 0:00:01]} 44. Qd6+ {[%emt 0:00:02]} Kg8 {[%emt 0:00:06]} 45. Qxb6 {[%emt 0:00:01]} Qd7 {[%emt 0:00:25]} 46. Bf3 {[%emt 0:00:09]} g6 {[%emt 0:00:05]} 47. Qc5 {[%emt 0:00:30]} h5 {[%emt 0:00:05]} 48. h4 {[%emt 0:00:02]} Kg7 {[%emt 0:00:04]} 49. b6 {[%emt 0:00:00]} Qc6 {[%emt 0:00:14]} 50. Qxc6 {[%emt 0:00:22]} Bxc6 {[%emt 0:00:00]} 51. Be2 {[%emt 0:00:01]} Bb7 {[%emt 0:00:06]} 52. Kf3 {[%emt 0:00:02]} f6 {[%emt 0:00:06]} 53. Kf4 {[%emt 0:00:03]} Kf7 {[%emt 0:00:04]} 54. f3 {[%emt 0:00:01]} Ke6 {[%emt 0:00:09]} 55. g4 {[%emt 0:00:04]} Kf7 {[%emt 0:00:18]} 56. gxh5 {[%emt 0:00:05]} gxh5 {[%emt 0:00:02]} 57. Bb5 {[%emt 0:00:14]} 1-0

[Event "Dvorkovich Memorial Rapid 2018"]
[Site "Taganrog"]
[Date "2018.01.14"]
[Round "9"]
[White "Tsoi, Dmitry"]
[Black "Mirzoyan, Mikhail"]
[Result "1/2-1/2"]
[WhiteElo "2371"]
[BlackElo "2275"]
[Annotator "ChessBase"]
[PlyCount "114"]
[EventDate "2018.??.??"]
[EventType "swiss"]
[EventCountry "RUS"]
[SourceTitle "playchess.com"]
[Source "ChessBase"]
[SourceQuality "1"]
[TimeControl "900+10"]

1. c4 {[%emt 0:15:00]} c6 {[%emt 0:15:10]} 2. Nf3 {[%emt 0:00:10]} d5 {[%emt 0:00:10]} 3. Qc2 {[%emt 0:00:10]} Nf6 {[%emt 0:00:10]} 4. e3 {[%emt 0:00:00]} Bg4 {[%emt 0:00:10]} 5. Ne5 {[%emt 0:00:20]} Bh5 {[%emt 0:00:10]} 6. cxd5 {[%emt 0:00:10]} Qxd5 {[%emt 0:00:10]} 7. f4 {[%emt 0:00:10]} e6 {[%emt 0:00:10]} 8. Nc3 {[%emt 0:00:10]} Qd8 {[%emt 0:00:10]} 9. b3 {[%emt 0:00:10]} Nbd7 {[%emt 0:00:10]} 10. d4 {[%emt 0:00:10]} Nxe5 {[%emt 0:00:10]} 11. fxe5 {[%emt 0:00:10]} Bg6 {[%emt 0:00:10]} 12. Bd3 {[%emt 0:00:10]} Nd5 {[%emt 0:00:10]} 13. Nxd5 {[%emt 0:00:10]} Qxd5 {[%emt 0:00:10]} 14. Bxg6 {[%emt 0:00:10]} hxg6 {[%emt 0:00:10]} 15. O-O {[%emt 0:00:10]} Be7 {[%emt 0:00:10]} 16. Qc4 {[%emt 0:00:10]} f6 {[%emt 0:00:10]} 17. Qxd5 {[%emt 0:00:10]} cxd5 {[%emt 0:00:10]} 18. Bb2 {[%emt 0:00:10]} Rc8 {[%emt 0:00:10]} 19. Rac1 {[%emt 0:00:10]} Kd7 {[%emt 0:00:10]} 20. Rxc8 {[%emt 0:00:10]} Rxc8 {[%emt 0:00:10]} 21. Rf2 {[%emt 0:00:10]} f5 {[%emt 0:00:10]} 22. Kf1 {[%emt 0:00:10]} Bg5 {[%emt 0:00:10]} 23. Re2 {[%emt 0:00:10]} Be7 {[%emt 0:00:10]} 24. Ke1 {[%emt 0:00:10]} g5 {[%emt 0:00:10]} 25. h3 {[%emt 0:00:10]} Rh8 {[%emt 0:00:10]} 26. Kd1 {[%emt 0:00:10]} Rh4 {[%emt 0:00:10]} 27. Bc3 {[%emt 0:00:10]} Re4 {[%emt 0:00:10]} 28. Kc2 {[%emt 0:00:10]} g4 {[%emt 0:00:10]} 29. hxg4 {[%emt 0:00:10]} Rxg4 {[%emt 0:00:10]} 30. Kd3 {[%emt 0:00:10]} Bg5 {[%emt 0:00:10]} 31. Be1 {[%emt 0:00:10]} Be7 {[%emt 0:00:10]} 32. g3 {[%emt 0:00:10]} Rg6 {[%emt 0:00:10]} 33. b4 {[%emt 0:00:10]} Rh6 {[%emt 0:00:10]} 34. g4 {[%emt 0:00:10]} Rh3 {[%emt 0:00:10]} 35. gxf5 {[%emt 0:00:10]} exf5 {[%emt 0:00:10]} 36. Rf2 {[%emt 0:00:10]} Ke6 {[%emt 0:00:10]} 37. Ke2 {[%emt 0:00:10]} g5 {[%emt 0:00:10]} 38. Bd2 {[%emt 0:00:10]} g4 {[%emt 0:00:10]} 39. b5 {[%emt 0:00:10]} Bh4 {[%emt 0:00:10]} 40. Rg2 {[%emt 0:00:10]} Rh1 {[%emt 0:00:10]} 41. a4 {[%emt 0:00:10]} Kf7 {[%emt 0:00:10]} 42. e4 {[%emt 0:00:10]} dxe4 {[%emt 0:00:10]} 43. d5 {[%emt 0:00:10]} g3 {[%emt 0:00:10]} 44. e6+ {[%emt 0:00:10]} Kf6 {[%emt 0:00:10]} 45. Bc3+ {[%emt 0:00:10]} Ke7 {[%emt 0:00:10]} 46. Be5 {[%emt 0:00:10]} Rc1 {[%emt 0:00:10]} 47. Bxg3 {[%emt 0:00:10]} Rc2+ {[%emt 0:00:10]} 48. Kf1 {[%emt 0:00:10]} Rc1+ {[%emt 0:00:10]} 49. Ke2 {[%emt 0:00:10]} Rc2+ {[%emt 0:00:10]} 50. Kf1 {[%emt 0:00:10]} Rc1+ {[%emt 0:00:10]} 51. Kf2 {[%emt 0:00:10]} Rc2+ {[%emt 0:00:10]} 52. Kg1 {[%emt 0:00:10]} Rxg2+ {[%emt 0:00:10]} 53. Kxg2 {[%emt 0:00:10]} Bxg3 {[%emt 0:00:10]} 54. Kxg3 {[%emt 0:00:10]} Kd6 {[%emt 0:00:10]} 55. Kf4 {[%emt 0:00:10]} Ke7 {[%emt 0:00:10]} 56. a5 {[%emt 0:00:10]} Kd6 {[%emt 0:00:10]} 57. Ke3 {[%emt 0:00:10]} b6 {[%emt 0:00:10]} 1/2-1/2

[Event "Dvorkovich Memorial Rapid 2018"]
[Site "Taganrog"]
[Date "2018.01.14"]
[Round "9"]
[White "Bykov, Egor"]
[Black "Paravyan, David"]
[Result "1-0"]
[WhiteElo "2346"]
[BlackElo "2603"]
[Annotator "TA"]
[PlyCount "119"]
[EventDate "2018.??.??"]
[EventType "swiss"]
[EventCountry "RUS"]
[SourceTitle "playchess.com"]
[Source "ChessBase"]
[SourceQuality "1"]

{[%evp 17,119,-8,-5,-12,5,8,13,0,15,-15,-13,-20,-12,-18,-13,-17,-16,-20,24,15,15,15,15,10,15,25,39,28,177,25,106,92,120,120,113,120,178,141,235,235,389,399,461,439,419,413,593,589,585,575,761,763,756,752,728,548,785,497,639,617,868,868,847,768,883,872,832,828,752,650,1346,1298,1641,1603,29981,29982,29982,29983,12848,3883,29984,971,5817,5709,2947,2194,5517,3141,29975,29976,29975,29976,29985,29986,29984,29978,29978,29979,29979,29980,29979,10983,5698,5218]} 1. d4 f5 2. Nf3 Nf6 3. c4 e6 4. g3 d5 5. Bg2 Bd6 6. O-O O-O 7. b3 b6 8. Ba3 {A90: Dutch Defence: Miscellaneous and Modern Stonewall (with ...Bd6)} Bb7 9. Bxd6 cxd6 {LiveBook: 7 Games} 10. Na3 $146 {The position is equal.} ({Predecessor:} 10. Nbd2 Nbd7 11. Qc1 dxc4 12. bxc4 Ne4 13. Nxe4 Bxe4 14. Qe3 Qe7 15. a4 Rac8 {0-1 (47) Lalith,B (2587)-Vallejo Pons,F (2711) Doha 2016}) 10... Qe7 11. Rc1 Nbd7 {[%cal Bb8d7,Bd7f6,Bf6e4][%mdl 32]} 12. Qd2 Ne4 13. Qe3 Ndf6 14. Nd2 {[#]} f4 $1 {[%mdl 512]} 15. Qd3 $1 (15. Qxf4 e5) 15... fxg3 16. fxg3 Nxd2 17. Qxd2 Ne4 (17... dxc4 {looks sharper.} 18. Bxb7 Qxb7 19. Nxc4 Ne4 20. Qe3 h6) 18. Rxf8+ Rxf8 19. Bxe4 dxe4 20. Rf1 Rxf1+ 21. Kxf1 Qf6+ 22. Kg1 Qf5 (22... Bc6 $11) 23. Nc2 $2 (23. Nb5 $1 $18) 23... e3 (23... Qh5 $11) 24. Nxe3 Qb1+ 25. Nf1 $1 Qe4 {[%csl Gb7][%cal Re4g2]} 26. Kf2 $1 Qh1 (26... Qg2+ $16 {might work better.} 27. Ke1 Qh1) 27. Qe3 Be4 (27... Qg2+ $16 {keeps fighting.} 28. Ke1 Qe4) 28. Qf4 $18 Bg2 $2 (28... e5 29. dxe5 dxe5 30. Qxe5 h6) 29. Ne3 Bh3 30. g4 h5 31. Qxd6 hxg4 (31... Qe4 {is a better defense.} 32. c5 e5) 32. Qxe6+ Kh7 {Threatens to win with ...g3+!} 33. Qf5+ g6 34. Qf7+ Kh6 35. Qf4+ Kg7 36. Qg3 Qb1 37. d5 Qb2 38. Qc7+ Kf8 39. Qb8+ Kg7 40. Qxa7+ Kh6 41. Qe7 Qd4 42. Qf8+ Kh5 43. Qd6 Qe4 44. b4 g5 45. c5 Qxb4 46. Qc7 {[%cal Rc7h7]} Qf4+ 47. Qxf4 gxf4 48. c6 (48. cxb6 $142 fxe3+ 49. Kg3) 48... fxe3+ 49. Kxe3 {[%mdl 4096] Endgame KB-KP} (49. Kg3 $142 Bf1 50. c7 Bxe2 51. c8=Q Kg5 52. Qe8 Kf6 53. Qe6+ Kg7 54. d6) 49... Kg6 50. Kf4 Kf7 51. e4 {[%cal Be2e4,Be4e5,Be5e6,Be6e7][%mdl 32]} Ke7 52. Ke5 Bf1 53. d6+ Kd8 54. Kf6 Bg2 55. c7+ Kd7 56. e5 Bb7 57. e6+ Kxd6 {[#]} 58. e7 $1 {[%cal Re7e8]} Kd7 {[#]} 59. Kf7 (59. c8=Q+ $142 $1 {[%mdl 512]} Bxc8 60. Kf7 Ba6 61. e8=Q+ Kd6 62. Qe6+ Kc5 63. Qf5+ Kd4 64. Qxg4+ Kd3 65. Qg6+ Kc3 66. Qxb6 Bc4+ 67. Kf6 Bxa2 68. Qa5+ Kb3 69. h4) 59... Bd5+ 60. Kf8 {Precision: White = 60%, Black = 27%.} 1-0